Los recursos arqueológicos de Costa Rica y su preservación
Kaydedildi:
| Yazar: | |
|---|---|
| Materyal Türü: | Metin |
| Baskı/Yayın Bilgisi: |
San José:
Ministerio de Cultura,
Juventud y Deportes
|
| Etiketler: |
Etiketle
Etiket eklenmemiş, İlk siz ekleyin!
|
MARC
| LEADER | 00000 a a2200000 04500 | ||
|---|---|---|---|
| 001 | 15459 | ||
| 003 | |||
| 040 | |||
| 090 | |a 016600 | ||
| 100 | |a Lange, Frederick W. | ||
| 245 | |a Los recursos arqueológicos de Costa Rica y su preservación | ||
| 260 | |a San José: |b Ministerio de Cultura, |c Juventud y Deportes | ||
| 300 | |a 55 p. | ||
| 999 | |c 15984 |d 15984 | ||
